UBT Library

HUMAN BODY (Record no. 58743)

000 -LEADER
fixed length control field 00308nam a22001457a 4500
008 - FIXED-LENGTH DATA ELEMENTS--GENERAL INFORMATION
fixed length control field 221104b ||||| |||| 00| 0 eng d
020 ## - INTERNATIONAL STANDARD BOOK NUMBER
International Standard Book Number 9789996024573
041 ## - LANGUAGE CODE
Language code of text/sound track or separate title eng
080 ## - UNIVERSAL DECIMAL CLASSIFICATION NUMBER
Universal Decimal Classification number 611
082 ## - DEWEY DECIMAL CLASSIFICATION NUMBER
Classification number 611 THI
100 ## - Rafti
Rafti 10.1
101 ## - Shkurtesa
Shkurtesa ANAT
245 ## - TITLE STATEMENT
Title HUMAN BODY
Statement of responsibility, etc THIBODEAU G
942 ## - ADDED ENTRY ELEMENTS (KOHA)
Source of classification or shelving scheme
Item type Books
Holdings
Withdrawn status Lost status Source of classification or shelving scheme Damaged status Not for loan Collection code Permanent location Current location Date acquired Total Checkouts Full call number Barcode Date last seen Price effective from Koha item type
          Koleksioni i përgjithshem UBT - Lipjan UBT - Lipjan 11/04/2022   611 THI 002-800028700260442 11/04/2022 11/04/2022 Books
UBT Library © 2015-2024. All rights reserved University Education for Business and Technology